Seni berfikir kreatif / (Record no. 441)
[ view plain ]
| 000 -LEADER | |
|---|---|
| fixed length control field | nam a22 a 4500 |
| 003 - CONTROL NUMBER IDENTIFIER | |
| control field | AKMAL |
| 005 - DATE AND TIME OF LATEST TRANSACTION | |
| control field | 20170504084643.0 |
| 008 - FIXED-LENGTH DATA ELEMENTS--GENERAL INFORMATION | |
| fixed length control field | 170503s1996 my 00 may d |
| 020 ## - INTERNATIONAL STANDARD BOOK NUMBER | |
| International Standard Book Number | 9676107174 (kkt.): |
| Terms of availability | RM 20.00 |
| 040 ## - CATALOGING SOURCE | |
| Original cataloging agency | AKMAL |
| 082 ## - DEWEY DECIMAL CLASSIFICATION NUMBER | |
| Classification number | 1530.35 AIN |
| 090 00 - LOCALLY ASSIGNED LC-TYPE CALL NUMBER (OCLC); LOCAL CALL NUMBER (RLIN) | |
| Classification number (OCLC) (R) ; Classification number, CALL (RLIN) (NR) | 153.35 |
| Local cutter number (OCLC) ; Book number/undivided call number, CALL (RLIN) | AIN |
| 100 ## - MAIN ENTRY--PERSONAL NAME | |
| Personal name | Ainon Muhammad, |
| Dates associated with a name | 1950- |
| 9 (RLIN) | 343 |
| 245 00 - TITLE STATEMENT | |
| Title | Seni berfikir kreatif / |
| Statement of responsibility, etc. | Ainon Mohd., Abdullah Hassan |
| 260 ## - PUBLICATION, DISTRIBUTION, ETC. | |
| Place of publication, distribution, etc. | Kuala Lumpur : |
| Name of publisher, distributor, etc. | Utusan Publications & Distributors, |
| Date of publication, distribution, etc. | 1996 |
| 300 ## - PHYSICAL DESCRIPTION | |
| Extent | viii, 311ms. : |
| Other physical details | ; |
| Dimensions | 22cm |
| 599 ## - LOCAL NOTE | |
| Local Note | DALAM PROSES |
| 650 ## - SUBJECT ADDED ENTRY--TOPICAL TERM | |
| Topical term or geographic name entry element | Creative thinking |
| 9 (RLIN) | 1035 |
| 650 ## - SUBJECT ADDED ENTRY--TOPICAL TERM | |
| Topical term or geographic name entry element | Creative ability |
| 9 (RLIN) | 1036 |
| 650 ## - SUBJECT ADDED ENTRY--TOPICAL TERM | |
| Topical term or geographic name entry element | Technological innovations |
| 9 (RLIN) | 1037 |
| 700 1# - ADDED ENTRY--PERSONAL NAME | |
| Personal name | Abdullah Hassan, |
| Dates associated with a name | 1942- |
| 9 (RLIN) | 341 |
| 942 ## - ADDED ENTRY ELEMENTS (KOHA) | |
| Source of classification or shelving scheme | |
| Koha item type | Book |
| Withdrawn status | Lost status | Source of classification or shelving scheme | Damaged status | Not for loan | Collection code | Home library | Current library | Shelving location | Date acquired | Inventory number | Total Checkouts | Full call number | Barcode | Date last seen | Price effective from | Koha item type |
|---|---|---|---|---|---|---|---|---|---|---|---|---|---|---|---|---|
| NON-FICTION | AKMAL Melaka | AKMAL Melaka | PINJAMAN | 03.05.2017 | 100610 | 1530.35 AIN | 201701315 | 03.05.2017 | 03.05.2017 | Book | ||||||
| NON-FICTION | AKMAL Melaka | AKMAL Melaka | PINJAMAN | 03.05.2017 | 100351 | 1530.35 AIN | 201701320 | 04.05.2017 | 03.05.2017 | Book |
